书目信息 |
| 题名: |
黄啸侠拳法
|
|
| 作者: | 曾广锷 , 黄鉴衡 整理 | |
| 分册: | ||
| 出版信息: | 广州 广东科技出版社 1983 |
|
| 页数: | 106页 | |
| 开本: | 19cm | |
| 丛书名: | ||
| 单 册: | ||
| 中图分类: | G852.1 | |
| 科图分类: | ||
| 主题词: | 拳术--中国 | |
| 电子资源: | ||
| ISBN: | ||
| 000 | 00728nam0 2200253 45 | |
| 001 | 0183011092 | |
| 005 | 20060820152329.14 | |
| 010 | @dCNY0.33 | |
| 091 | @aCN@b7182.44 | |
| 100 | @a19950605d1983 em y0chiy0121 ea | |
| 101 | 0 | @achi |
| 102 | @aCN@b440000 | |
| 105 | @ay z 000yy | |
| 200 | 10 | @a黄啸侠拳法@Ahuang xiao xia quan fa@e练步拳与练手拳@f黄鉴衡,曾广锷整理 |
| 210 | @a广州@c广东科技出版社@d1983 | |
| 215 | @a106页@d19cm | |
| 517 | 1 | @a练步拳与练手拳@Alian bu quan yu lian shou quan |
| 606 | @a拳术@y中国 | |
| 690 | @aG852.1@v3 | |
| 701 | 0 | @a曾广锷@Azeng guang e@4整理 |
| 701 | 0 | @a黄鉴衡@Ahuang jian heng@4整理 |
| 801 | 2 | @aCN@bNLC@c20060820 |
| 801 | 0 | @aCN@bTSSF@c20060813 |
| 905 | @a10447@dG852.1@e124 | |
| 黄啸侠拳法:练步拳与练手拳/黄鉴衡,曾广锷整理.-广州:广东科技出版社,1983 |
| 106页;19cm |
| ISBN :CNY0.33 |
| ● |
| 相关链接 |
|
|
|
|
正题名:黄啸侠拳法
索取号:G852.1/124
 
预约/预借
| 序号 | 登录号 | 条形码 | 馆藏地/架位号 | 状态 | 备注 |
| 1 | 0453905 | 204539053 | 密集书库/ [索取号:G852.1/124] | 在馆 | |
| 2 | 0459130 | 204591307 | 密集书库/ [索取号:G852.1/124] | 在馆 | |
| 3 | 0470835 | 204708352 | 密集书库/ [索取号:G852.1/124] | 在馆 |